000
00314nam a2200121Ia 4500
008
220216s9999 xx 000 0 und d
100
_a
Mc Lellan J
245
0
_a
Injection moulding - the benefits are there
260
_b
Rubber Developments
_c
1972
300
_a
9-May
650
_a
Injection moulding
942
_c
JS
999
_c
61415
_d
61415